Statistics for elements quiz #1 and #2 CHS

Click here to take the quiz!

General Stats

  • This quiz has been taken 26 times
  • The average score is 36 of 48

Answer Stats

HinthAnswer% Correct
NaSodium
100%
AlAluminum
75%
ArArgon
75%
AsArsenic
75%
BaBarium
75%
BeBeryllium
75%
BiBismuth
75%
BBoron
75%
BrBromine
75%
CdCadmium
75%
CaCalcium
75%
CCarbon
75%
CsCesium
75%
ClChlorine
75%
CrChromium
75%
CoCobalt
75%
CuCopper
75%
FFluorine
75%
AuGold
75%
HeHelium
75%
HHydrogen
75%
IIodine
75%
FeIron
75%
KrKrypton
75%
PbLead
75%
LiLithium
75%
MgMagnesium
75%
MnManganese
75%
HgMercury
75%
NeNeon
75%
NiNickel
75%
NNitrogen
75%
OOxygen
75%
PPhosphorus
75%
PtPlatinum
75%
PuPlutonium
75%
KPotassium
75%
RnRadon
75%
SiSilicon
75%
SrStrontium
75%
SSulfur
75%
SnTin
75%
TiTitanium
75%
WTungsten
75%
UUranium
75%
XeXenon
75%
ZnZinc
75%
AgSilver
50%

Score Distribution

Percentile by Number Answered

Percent of People with Each Score

Your Score History

You have not taken this quiz